LIBRARY & INFORMATION CENTRE, KCAET, TAVANUR

ONLINE PUBLIC ACCESS CATALOGUE (OPAC)

Logistics Engineering and Management (Record no. 14612)

MARC details
000 -LEADER
fixed length control field 00335nam a22001337a 4500
020 ## - INTERNATIONAL STANDARD BOOK NUMBER
ISBN 9788120327634
082 ## - DEWEY DECIMAL CLASSIFICATION NUMBER
Classification number 620.5.
Item number BEN/LO
100 ## - MAIN ENTRY--AUTHOR NAME
Personal name Benjamin S. Blanchard
245 ## - TITLE STATEMENT
Title Logistics Engineering and Management
250 ## - EDITION STATEMENT
Edition statement 6 th
260 ## - PUBLICATION, DISTRIBUTION, ETC. (IMPRINT)
Place of publication New Delhi
Name of publisher PHI Learning Private Limited
Year of publication 2009
300 ## - PHYSICAL DESCRIPTION
Number of Pages 546
942 ## - ADDED ENTRY ELEMENTS (KOHA)
Koha item type Books
Holdings
Withdrawn status Lost status Damaged status Collection code Home library Current library Shelving location Date acquired Source of acquisition Cost, normal purchase price Full call number Accession Number Koha item type
        KAUAET KAUAET General Stacks 20/07/2016 Penta Books. 325.00 620.5. BLA/LO 24211 Books
free website counter